|
|
|
|
| LEADER |
00000nab a2200000 a 4500 |
| 001 |
vtls000724391 |
| 003 |
SK-MaSNL |
| 005 |
20260304103008.0 |
| 008 |
250429c2000 xo 0 slo |
| 015 |
|
|
|a SNBRB2000/06-16663
|
| 035 |
|
|
|a CLN000076555
|
| 035 |
|
|
|a urn:nbn:sk:snk-aba1tt
|
| 035 |
|
|
|a (urnnbn)urn:nbn:sk:snk:ar-a0995d
|
| 035 |
|
|
|a (uuid)65af69b3-df05-4d25-97fe-4704d8a6bc18
|
| 040 |
|
|
|a SNKBUCL
|b slo
|c SNKBUCL
|e AACR2
|
| 041 |
0 |
|
|a slo
|
| 044 |
|
|
|a xo
|c SK
|
| 080 |
|
|
|a 301.15:008(72)
|2 1997
|
| 080 |
|
|
|a 860 (72)-4
|2 1997
|
| 100 |
1 |
|
|a Paz, Octavio,
|d 1914-1998
|4 aut
|9 116432
|
| 245 |
1 |
0 |
|a Labyrint samoty
|b dialektika samoty
|c Octavio Paz ; preložila a úvodnú esej napísala Paulína Šišmišová
|
| 504 |
|
|
|a Bibliogr. odkazy
|
| 650 |
0 |
7 |
|a identita kultúrna mexická
|2 snkbucl
|9 1400562
|
| 651 |
|
7 |
|a Mexiko
|2 snkbucl
|9 21360
|
| 655 |
|
7 |
|a články z novín a časopisov
|2 snkbucl
|9 267496
|
| 700 |
1 |
|
|a Šišmišová, Paulína,
|d 1953-
|4 trl
|9 26877
|
| 773 |
0 |
|
|t OS
|g Č. 4 (2000), s. 60-63
|x 1335-2296
|
| 850 |
|
|
|a Slovenská národná knižnica
|
| 852 |
|
|
|a Slovenská národná knižnica
|
| 954 |
|
|
|a odborná, vedecká literatúra pôvodná (slovenská)
|2 lita
|
| 958 |
|
|
|a article13
|
| 958 |
|
|
|a LX
|
| 958 |
|
|
|a MX
|
| 958 |
|
|
|a NB
|
| 958 |
|
|
|a OND
|
| 958 |
|
|
|a EUIPO
|
| 992 |
|
|
|a RBX
|
| 999 |
|
|
|c 2847708
|d 2849638
|